La revolución de los medicamentos (Record no. 103948)

MARC details
000 -LEADER
campo de control de longitud fija 00777nam a2200253 i 4500
001 - NÚMERO DE CONTROL
campo de control 103948
003 - IDENTIFICADOR DE NÚMERO DE CONTROL
campo de control ES-MaACL
005 - FECHA Y HORA DE LA ÚLTIMA TRANSACCIÓN
campo de control 20230906183458.0
007 - CAMPO FIJO DE DESCRIPCIÓN FÍSICA--INFORMACIÓN GENERAL
campo de control de longitud fija t|
008 - DATOS DE LONGITUD FIJA--INFORMACIÓN GENERAL
campo de control de longitud fija 051121s1986 sp ||||1| spa d
020 ## - NÚMERO INTERNACIONAL ESTÁNDAR DEL LIBRO
Número Internacional Estándar del Libro 84-239-2413-0
100 1# - ENTRADA PRINCIPAL--NOMBRE DE PERSONA
Nombre de persona Meyer, Philippe.
9 (RLIN) 80800
245 13 - MENCIÓN DEL TÍTULO
Título La revolución de los medicamentos
Resto del título : mitos y realidades /
Mención de responsabilidad, etc. Philippe Meyer; traducción Mª José Comenge, Angela Valverde.
260 ## - PUBLICACIÓN, DISTRIBUCIÓN, ETC.
Lugar de publicación, distribución, etc. Madrid :
Nombre del editor, distribuidor, etc. Espasa-Calpe,
Fecha de publicación, distribución, etc. 1986.
300 ## - DESCRIPCIÓN FÍSICA
Extensión 364 p. ;
Dimensiones 23 cm.
490 1# - MENCIÓN DE SERIE
Mención de serie Mañana
504 ## - NOTA DE BIBLIOGRAFÍA, ETC.
Nota de bibliografía, etc. Bibliografía: p. 348-364.
504 ## - NOTA DE BIBLIOGRAFÍA, ETC.
Nota de bibliografía, etc. Indices.
700 1# - ENTRADA AGREGADA--NOMBRE PERSONAL
Nombre de persona Comenge, María José.
9 (RLIN) 39989
700 1# - ENTRADA AGREGADA--NOMBRE PERSONAL
Nombre de persona Valverde, Angela.
9 (RLIN) 113000
830 0# - PUNTO DE ACCESO ADICIONAL DE SERIE-TÍTULO UNIFORME
Título uniforme Mañana
9 (RLIN) 232615
852 ## - LOCALIZACIÓN
Ubicación ES-MaACL
Número de control de estantería L-10263
Sublocalización o colección R.111832
Holdings
Estatus retirado Estado de pérdida Estado de daño No para préstamo Biblioteca de origen Biblioteca actual Ubicación en estantería Fecha de adquisición Fuente de adquisición Total de préstamos Signatura topográfica completa Código de barras Visto por última vez Precio de reemplazo Tipo de ítem Koha
        Biblioteca del Ateneo de Madrid Biblioteca del Ateneo de Madrid Depósito 2 17/01/2008     L-10263 1108530 23/02/2023 23/02/2023 Libro impreso